[Event "1st Serbian League Women"]
[Site "Zlatibor SRB"]
[Date "2007.08.26"]
[Round "6"]
[White "Velcheva,M"]
[Black "Voiska,M"]
[Result "1/2-1/2"]
[WhiteElo "2294"]
[BlackElo "2314"]

1.e4 d6 2.d4 Nf6 3.Nc3 e5 4.dxe5 dxe5 5.Qxd8+ Kxd8 6.Bc4 Ke8 7.Nf3 Bd6 8.Nd2 c6
9.f3 Nbd7 10.Be2 Nb6 11.b3 Be6 12.Bb2 Nfd7 13.Nd1 f6 14.Bd3 a5 15.a4 Bb4
16.Ke2 Nc5 17.Nf2 Nxd3 18.Nxd3 Be7 19.Ba3 Bxa3 20.Rxa3 Ke7 21.Nc5 Bc8 22.Raa1 Kd6
23.Nd3 Be6 24.Nf1 Rhd8 25.Ne3 Nd7 26.g4 Nc5 27.Nf5+ Bxf5 28.gxf5 Nxd3 29.Kxd3 Kc5+
30.Kc3 b5 31.axb5 cxb5 32.Rxa5 Rxa5 33.b4+ Kb6 34.bxa5+ Kxa5 35.Rg1 Rd7  1/2-1/2

[Event "15th Open"]
[Site "Nikea GRE"]
[Date "2007.08.28"]
[Round "7"]
[White "Tassopoulos,M"]
[Black "Tsiamis,A"]
[Result "1-0"]
[WhiteElo "2215"]
[BlackElo "1923"]

1.e4 d6 2.d4 Nf6 3.Nc3 c6 4.f4 Qa5 5.e5 dxe5 6.fxe5 Nd5 7.Qf3 e6 8.Bd2 Bb4
9.Bc4 Bxc3 10.Bxc3 Nxc3 11.bxc3 Qc7 12.Ne2 b6 13.O-O Bb7 14.Qg4 g6 15.Ng3 Qe7
16.Ne4 O-O 17.Rf3 c5 18.Nf6+ Kg7 19.Rh3 Rh8 20.Qg5 h6 21.Rxh6 Rxh6 22.Nh5+ Kf8
23.Qxh6+ Ke8 24.Nf6+ Kd8 25.Rd1 Kc7 26.Qf4 Kc8 27.Ng8 Qe8 28.Nh6 cxd4 29.Nxf7 Qc6
30.Nd6+ Kc7 31.Nb5+ Kd7 32.Rxd4+ Ke8 33.Nd6+  1-0

[Event "1st Serbian League Men"]
[Site "Zlatibor SRB"]
[Date "2007.08.28"]
[Round "7"]
[White "Pikula,D"]
[Black "Jovanovic,Zo CRO"]
[Result "1-0"]
[WhiteElo "2504"]
[BlackElo "2537"]

1.e4 d6 2.d4 Nf6 3.Nc3 e5 4.Nf3 Nbd7 5.Bc4 Be7 6.O-O O-O 7.Re1 c6 8.a4 h6
9.b3 Re8 10.Bb2 Qc7 11.Bd3 Nf8 12.Ne2 Ng6 13.Ng3 Bf8 14.h3 Bd7 15.Qd2 Rad8
16.Rad1 Bc8 17.Qc1 Nh7 18.c4 Qe7 19.Nf5 Qf6 20.c5 Ng5 21.Nxg5 Qxg5 22.Qxg5 hxg5
23.Nxd6 Bxd6 24.cxd6 Rxd6 25.Bc2 exd4 26.Bxd4 a6 27.Be3 Rxd1 28.Rxd1 f6 29.a5 Be6
30.f3 Kf7 31.Kf2 Rc8 32.Bc5 Ne5 33.b4 Nd7 34.Rd6 Rh8 35.Bd1 Nxc5 36.bxc5 Ke7
37.Be2 Rh5 38.f4 Rh4 39.f5 Bc8 40.Ke3 Bd7 41.Bg4 Bc8 42.e5 Rh6 43.Ke4 Rh4
44.e6 Rh6 45.Kf3 g6 46.fxg6 Rxg6 47.Bf5 Rh6 48.g3 Rh8 49.Kg4 Rh6 50.h4 gxh4
51.gxh4 Rh8 52.h5 Rg8+ 53.Kf4 Rh8 54.Bg4 Rg8 55.Rd1 Rh8 56.Re1 Rh6 57.Kf5 Ke8
58.Bf3 Ke7 59.Bg4 Ke8 60.Kf4 Ke7 61.Rh1 Ke8 62.Bf5 Ke7 63.Kg4 Ke8 64.Kh4 Rh8
65.Rg1 Kf8 66.Rg6 Ke7 67.Rg7+ Ke8 68.Bg6+ Kf8 69.Rf7+  1-0

[Event "IX Sants Open"]
[Site "Barcelona ESP"]
[Date "2007.08.29"]
[Round "6"]
[White "Bromberger,S"]
[Black "Markosian,D"]
[Result "1-0"]
[WhiteElo "2500"]
[BlackElo "2343"]

1.e4 d6 2.d4 Nf6 3.Nc3 e5 4.Nf3 Nbd7 5.g4 Nxg4 6.Rg1 exd4 7.Bg5 f6 8.Nxd4 Nc5
9.Bf4 Ne5 10.Bxe5 dxe5 11.Qh5+ g6 12.Rxg6 hxg6 13.Qxg6+ Ke7 14.Nd5+ Qxd5
15.exd5 exd4 16.O-O-O Bh6+ 17.Kb1 Nd7 18.Re1+ Kd6 19.Re6+ Kxd5 20.Qe4+ Kc5
21.c3  1-0

[Event "15th Open"]
[Site "Nikea GRE"]
[Date "2007.08.30"]
[Round "9"]
[White "Kostas,P"]
[Black "Petraki,M"]
[Result "0-1"]
[WhiteElo "1885"]
[BlackElo "2069"]

1.d4 d6 2.e4 Nf6 3.Nc3 e5 4.dxe5 dxe5 5.Qxd8+ Kxd8 6.Nf3 Bd6 7.Bg5 Be6 8.O-O-O Kc8
9.a3 a6 10.Nd2 b5 11.Nb3 Nbd7 12.h3 h6 13.Be3 g5 14.f3 Nh5 15.Bf2 Nf4 16.g3 Ng6
17.Nd5 Rf8 18.c4 bxc4 19.Bxc4 a5 20.Nb6+ Nxb6 21.Bxe6+ fxe6 22.Bxb6 Rb8 23.Bc5 Rxb3
24.Bxd6 cxd6 25.Rxd6 Rbxf3 26.Rxe6 R3f6 27.Rxf6 Rxf6 28.Rd1 Ne7 29.Rd3 Kc7
30.Kd2 Rd6 31.Kc3 Rxd3+ 32.Kxd3 Kc6 33.Kc4 Nc8 34.b3 Nd6+  0-1

[Event "1st Serbian League Women"]
[Site "Zlatibor SRB"]
[Date "2007.08.31"]
[Round "11"]
[White "Drljevic,L"]
[Black "Stojanovic,An"]
[Result "1-0"]
[WhiteElo "2257"]
[BlackElo "2235"]

1.e4 d6 2.d4 Nf6 3.Nc3 e5 4.Nf3 exd4 5.Nxd4 Be7 6.Nde2 O-O 7.g3 Nc6 8.Bg2 Ne5
9.f4 Ng6 10.h3 c6 11.a4 Re8 12.O-O Qc7 13.Kh2 Bf8 14.Nd4 Bd7 15.f5 Ne5 16.Bf4 Rad8
17.Nf3 Bc8 18.Bg5 Be7 19.Nxe5 dxe5 20.Qf3 b6 21.g4 Ba6 22.Rf2 h6 23.Be3 Nh7
24.Qg3 Rd7 25.h4 Qd8 26.Kh3 Bc5 27.Bf1 Bxf1+ 28.Raxf1 Bxe3 29.Qxe3 Rd4 30.Rg1 f6
31.Ne2 Rd1 32.Rfg2 Rxg1 33.Rxg1 Qd6 34.Nc3 Rd8 35.Rd1 Qe7 36.Rd3 Kf8 37.Ne2 Ke8
38.Ng3 Nf8 39.Nh5 Rxd3 40.Qxd3 Nd7 41.Qc4 Kf8 42.Qxc6 Kg8 43.Qd5+ Kh7 44.Qe6  1-0

[Event "Masters"]
[Site "Trieste ITA"]
[Date "2007.09.02"]
[Round "2"]
[White "Pavasovic,D"]
[Black "Bagaturov,G"]
[Result "1-0"]
[WhiteElo "2584"]
[BlackElo "2474"]

1.e4 d6 2.d4 Nf6 3.Nc3 e5 4.Nf3 Nbd7 5.Bc4 Be7 6.O-O O-O 7.Re1 c6 8.a4 b6
9.b3 a6 10.Bb2 Bb7 11.Bd3 Re8 12.Ne2 Bf8 13.Ng3 g6 14.Qd2 Bg7 15.c4 exd4
16.Nxd4 Ne5 17.Bc2 c5 18.Ndf5 gxf5 19.Nxf5 Bc8 20.Nxg7 Kxg7 21.f4 Nc6 22.Re3 Bb7
23.Rd1 Kf8 24.Qe1 Nd4 25.Bxd4 cxd4 26.Rxd4 Qc7 27.Qh4 Qc5 28.Qxf6 Re6 29.b4 Rxf6
30.bxc5 bxc5 31.Rd2 Rxf4 32.Rxd6 Re8 33.Rf3 Rxf3 34.gxf3 a5 35.Rb6 Re7 36.Kf2 Kg7
37.Rb5 Ba6 38.Rxa5 Rb7 39.Bd3  1-0

[Event "XV Open"]
[Site "Albacete ESP"]
[Date "2007.09.03"]
[Round "2"]
[White "Cabello Rodriguez,S"]
[Black "Vassallo,M"]
[Result "0-1"]
[WhiteElo "2105"]
[BlackElo "2387"]

1.d4 d6 2.e4 Nf6 3.Nc3 Nbd7 4.g3 e5 5.Nge2 c6 6.Bg2 b5 7.a3 Bb7 8.O-O g6
9.h3 Bg7 10.Be3 O-O 11.Qd2 Re8 12.Rad1 a5 13.d5 cxd5 14.Nxb5 d4 15.Nxd6 dxe3
16.Qxe3 Re6 17.Nxb7 Qc7 18.Nxa5 Rxa5 19.Nc3 Qb6 20.Qc1 Rc6 21.Rfe1 Bf8 22.Nd5 Qa7
23.b4 Rxa3 24.b5 Re6 25.Re2 Kg7 26.Ne3 Bc5 27.Ng4 Rxg3 28.Kh2 Rc3  0-1

[Event "60th ch-RUS Higher League"]
[Site "Krasnoyarsk RUS"]
[Date "2007.09.03"]
[Round "1"]
[White "Amonatov,F"]
[Black "Zablotsky,S"]
[Result "1-0"]
[WhiteElo "2598"]
[BlackElo "2498"]

1.e4 d6 2.d4 Nf6 3.Nc3 e5 4.Nf3 Nbd7 5.Bc4 Be7 6.O-O O-O 7.a4 c6 8.Ba2 b6
9.Qe2 a6 10.Rd1 Qc7 11.h3 Rb8 12.d5 cxd5 13.Bxd5 Bb7 14.Bxb7 Qxb7 15.Bg5 Rfc8
16.Bxf6 Nxf6 17.Nd5 Nxd5 18.Rxd5 g6 19.c3 Rc5 20.Rxc5 bxc5 21.Nd2 Qc6 22.Nc4 Kg7
23.Qc2 Qb7 24.Rb1 Qb3 25.Qxb3 Rxb3 26.Kf1 Kf6 27.Ke2 Ke6 28.Ne3 f5 29.f3 h5
30.Kd3 Bd8 31.Nd5 Rb8 32.b4 cxb4 33.cxb4 Kd7 34.g4 hxg4 35.hxg4 Ke6 36.Rh1 fxg4
37.fxg4  1-0

[Event "26th OCF NAO Fide Open"]
[Site "Stillwater USA"]
[Date "2007.09.03"]
[Round "9"]
[White "Braunlich,T"]
[Black "Betaneli,A"]
[Result "0-1"]
[WhiteElo "2177"]
[BlackElo "2239"]

1.d4 d6 2.e4 Nf6 3.Nc3 e5 4.dxe5 dxe5 5.Qxd8+ Kxd8 6.Bc4 Be6 7.Bxe6 fxe6
8.Bg5 Bd6 9.Nge2 h6 10.Be3 Nc6 11.h4 a6 12.h5 Ke7 13.Rh4 b5 14.O-O-O Rhb8
15.f4 a5 16.f5 a4 17.fxe6 Kxe6 18.Nd5 Rf8 19.Nxf6 Rxf6 20.Rg4 Kf7 21.Nc3 b4
22.Nd5 Re6 23.Rf1+ Kg8 24.Nf6+ Kh8 25.Nd7 Re7 26.Nf8 Kg8 27.Ng6 Rf7 28.Rxf7 Kxf7
29.Rg3 Re8 30.Rf3+ Ke6 31.Kd2 Rd8 32.Ke2 b3 33.cxb3 axb3 34.axb3 Rb8 35.Bf2 Rb4
36.Rc3 Na5 37.Bc5 Rxe4+ 38.Kf3 Re1 39.b4 Nc6 40.Kf2 Rb1 41.Rc2 Nd4  0-1

[Event "Masters"]
[Site "Trieste ITA"]
[Date "2007.09.04"]
[Round "5"]
[White "Stock,L"]
[Black "Tratar,M"]
[Result "1/2-1/2"]
[WhiteElo "2297"]
[BlackElo "2491"]

1.e4 d6 2.d4 Nf6 3.Nc3 e5 4.dxe5 dxe5 5.Qxd8+ Kxd8 6.Bc4 Be6 7.Bxe6 fxe6
8.Bd2 Nc6 9.O-O-O Bd6 10.Nh3 Ke7 11.f3 a6 12.Nf2 b5 13.Be3 h6 14.Nd3 Nd7
15.h4 Na5 16.h5 c5 17.Ne2 c4 18.Ne1 Nb7 19.g4 Bc5 20.Bd2 Nd6 21.Ng2 Nf7 22.Nh4 Rhd8
23.Ng6+ Ke8 24.Ba5 Rdc8 25.a3 Rab8 26.Bc3 b4 27.axb4 Bxb4 28.Rhf1 Rc5 29.Kd2 Rcb5
30.Ra1 Nc5 31.Bxb4 Rxb4 32.Ra5 R8b5 33.Rxb5 Rxb5 34.Rb1 Kd7 35.Nc3 Rb4 36.Nd1 Kc6
37.Ra1 Kb6 38.Ra2 a5 39.Nc3 Ka6 40.Ke3  1/2-1/2

[Event "ch-Africa Men"]
[Site "Windhoek NAM"]
[Date "2007.09.04"]
[Round "4"]
[White "Gwaze,R"]
[Black "Belkhodja,S"]
[Result "1-0"]
[WhiteElo "2413"]
[BlackElo "2478"]

1.e4 d6 2.d4 Nf6 3.Nc3 c6 4.f3 e5 5.Nge2 b5 6.Be3 b4 7.Na4 exd4 8.Qxd4 c5
9.Qd2 Bd7 10.b3 Bxa4 11.bxa4 Be7 12.Ng3 O-O 13.Nf5 Ne8 14.Bb5 Bf6 15.O-O-O a6
16.Bxe8 Qxe8 17.Qxd6 Nd7 18.Rd5 Ne5 19.Qxc5 Qxa4 20.Qa5 Qxa5 21.Rxa5 Nc4
22.Rd5 Rfc8 23.Bc5 a5 24.f4 g6 25.e5 gxf5 26.exf6 h6 27.Rxf5 Ra6 28.Rd1 Rac6
29.Rdd5 Re6 30.Bf2 Re4 31.Rd3 Rce8 32.c3 bxc3 33.Rg3+  1-0

[Event "2nd Women's"]
[Site "Baku AZE"]
[Date "2007.09.05"]
[Round "2"]
[White "Umudova,N"]
[Black "Velikhanli,F"]
[Result "0-1"]
[WhiteElo "2213"]
[BlackElo "2283"]

1.e4 d6 2.d4 Nf6 3.Nc3 c6 4.f4 Qa5 5.Bd3 e5 6.Nf3 exd4 7.Nxd4 g6 8.h3 Bg7
9.Qf3 O-O 10.Be3 Nbd7 11.Nb3 Qc7 12.a4 b6 13.O-O a6 14.Qf2 Bb7 15.Be2 Rae8
16.Bf3 c5 17.Nd2 Re7 18.Kh1 Rfe8 19.Rae1 Bc6 20.g4 Qb7 21.Kh2 d5 22.exd5 Nxd5
23.Nxd5 Bxd5 24.Nc4 Qc6 25.Bxd5 Qxd5 26.b3 b5 27.axb5 axb5 28.Na3 Bc3 29.Re2 Bd4
30.Rfe1 Qe4 31.Nxb5 Bxe3 32.Qf1 Qxf4+ 33.Kg2 Qxf1+  0-1

[Event "Open"]
[Site "Liverpool ENG"]
[Date "2007.09.05"]
[Round "4"]
[White "Kaufman,R"]
[Black "Shaw,J"]
[Result "0-1"]
[WhiteElo "2310"]
[BlackElo "2446"]

1.e4 d6 2.d4 Nf6 3.Nc3 e5 4.Nf3 Nbd7 5.Bc4 Be7 6.O-O O-O 7.h3 c6 8.a4 Nxe4
9.Nxe4 d5 10.Ng3 dxc4 11.dxe5 Nc5 12.Qe2 Be6 13.Rd1 Qc7 14.Nd4 Rad8 15.Bf4 Nd3
16.Nxe6 fxe6 17.cxd3 Rxf4 18.Nh5 Rfd4 19.dxc4 Qxe5 20.Qxe5 Rxd1+ 21.Qe1 Rxe1+
22.Rxe1 Rd2 23.b3 Bc5 24.Rxe6 Rxf2 25.Kh2 Rb2 26.Re8+ Kf7 27.Rd8 g6 28.Ng3 Rxb3
29.Ne4 Be7 30.Rh8 h5 31.Rh7+ Ke6 32.Rg7 Re3 33.Ng3 Kf6  0-1

[Event "XV Open"]
[Site "Albacete ESP"]
[Date "2007.09.06"]
[Round "8"]
[White "Babaev,Ra"]
[Black "Vassallo,M"]
[Result "1/2-1/2"]
[WhiteElo "2488"]
[BlackElo "2387"]

1.e4 d6 2.d4 Nf6 3.Nc3 Nbd7 4.Nf3 e5 5.Bc4 Be7 6.O-O O-O 7.Re1 c6 8.a4 a5
9.Bd2 exd4 10.Nxd4 Nc5 11.Qf3 Be6 12.Bxe6 fxe6 13.Qh3 Qd7 14.Bg5 Rae8 15.Rad1 h6
16.Be3 d5 17.exd5 exd5 18.Nf5 Bd6 19.Bd4 Rxe1+ 20.Rxe1 Rf7 21.Nxd6 Qxd6 22.Qg3 Qxg3
23.hxg3 Ncd7 24.f3 Kf8 25.Ne2 Re7 26.Kf2 Kf7 27.g4 b6 28.Be3 c5 29.g5 hxg5
30.Bxg5 Ne5 31.Nf4 Neg4+ 32.fxg4 Nxg4+ 33.Kf1 Nh2+ 34.Kf2 Ng4+ 35.Kf1 Nh2+  1/2-1/2

[Event "FSGM September"]
[Site "Budapest HUN"]
[Date "2007.09.06"]
[Round "6"]
[White "Wittmann,W"]
[Black "Nguyen Ngoc Truong Son"]
[Result "1/2-1/2"]
[WhiteElo "2313"]
[BlackElo "2530"]

1.e4 d6 2.d4 Nf6 3.Nc3 e5 4.dxe5 dxe5 5.Qxd8+ Kxd8 6.Bc4 Ke8 7.Nf3 Bd6 8.Bg5 Nbd7
9.O-O-O a6 10.a4 b6 11.Rhe1 Bb7 12.Bxf6 Nxf6 13.Nd5 Nxd5 14.Bxd5 Bxd5 15.Rxd5 f6
16.Nd2 Bc5 17.Re2 Rd8 18.Rxd8+ Kxd8 19.c3 b5 20.b4 Bb6 21.axb5 axb5 22.Nb3 Ke7
23.f3 h5 24.h3 g5 25.g4 hxg4 26.hxg4 Rh3 27.Nd2 c5 28.bxc5 Bxc5 29.Kc2 b4
30.cxb4 Bxb4 31.Rf2 Bxd2 32.Kxd2 Rh1  1/2-1/2

[Event "Open"]
[Site "Liverpool ENG"]
[Date "2007.09.07"]
[Round "7"]
[White "Hebden,M"]
[Black "Shaw,J"]
[Result "1/2-1/2"]
[WhiteElo "2540"]
[BlackElo "2446"]

1.e4 d6 2.d4 Nf6 3.Nc3 e5 4.dxe5 dxe5 5.Qxd8+ Kxd8 6.Bc4 Ke8 7.Nf3 Bd6 8.Bg5 Nbd7
9.O-O-O a6 10.Bb3 h6 11.Bh4 b5 12.Rhe1 Bb7 13.Nd5 Nxd5 14.exd5 f6 15.Nd4 Nc5
16.f4 Kf7 17.fxe5 Bxe5 18.Bg3 Bxg3 19.hxg3 Rad8 20.c4 Rhe8 21.Rxe8 Kxe8 22.cxb5 Nxb3+
23.axb3 Rxd5 24.bxa6 Bxa6 25.Ne6 Rxd1+ 26.Kxd1 Kf7 27.Nxc7 Bb7 28.b4 Ke7
29.b5 Bxg2 30.Ke2 h5 31.Kf2 Bb7 32.Na6 Kd6 33.b4 g5 34.Nc5 Bd5 35.b6 f5 36.b7 Kc7
37.b8=Q+ Kxb8 38.Nd7+ Kc7 39.Nf6 Kd6 40.Nxh5 Bc6 41.Nf6 Ke5 42.Nh7 f4 43.Nxg5  1/2-1/2

[Event "60th ch-RUS Higher League"]
[Site "Krasnoyarsk RUS"]
[Date "2007.09.08"]
[Round "5"]
[White "Motylev,A"]
[Black "Savchenko,B"]
[Result "1/2-1/2"]
[WhiteElo "2648"]
[BlackElo "2577"]

1.e4 d6 2.d4 Nf6 3.Nc3 e5 4.Nge2 Nc6 5.d5 Ne7 6.Bg5 c6 7.Ng3 Ng6 8.Nh5 Bg4
9.Nxf6+ gxf6 10.Bxf6 Qxf6 11.Qxg4 Be7 12.g3 h5 13.Qf5 Qxf5 14.exf5 Nf8 15.O-O-O Nh7
16.Bg2 c5 17.h4 Nf6 18.Rhe1 Kd7 19.Bf3 Bd8 20.Nb1 c4 21.Re2 Bb6 22.c3 e4
23.Bxe4 Nxe4 24.Rxe4 Bxf2 25.Rxc4 Rae8 26.Nd2 Bxg3 27.Rg1 Rhg8 28.Kd1 Be5
29.Rg5  1/2-1/2

[Event "2nd Women's"]
[Site "Baku AZE"]
[Date "2007.09.09"]
[Round "6"]
[White "Umudova,N"]
[Black "Kadimova,I"]
[Result "1-0"]
[WhiteElo "2213"]
[BlackElo "2316"]

1.e4 c6 2.d4 d6 3.Nc3 Nf6 4.f4 Qa5 5.Bd3 e5 6.Nf3 exd4 7.Nxd4 g6 8.O-O Bg7
9.e5 dxe5 10.fxe5 Ng4 11.Ne4 Qxe5 12.Nf3 Qc7 13.h3 Ne5 14.Nxe5 Qxe5 15.Nf6+ Kf8
16.Bc4 Qc5+ 17.Kh1 Bxf6 18.Rxf6 Qxc4 19.Bh6+ Ke7 20.Qd6+ Ke8 21.Re1+ Be6
22.Rexe6+ fxe6 23.Rxe6+  1-0

[Event "4th LGA Premium Cup"]
[Site "Nuernberg GER"]
[Date "2007.09.09"]
[Round "7"]
[White "Klundt,K"]
[Black "Weil,V"]
[Result "1-0"]
[WhiteElo "2375"]
[BlackElo "2148"]

1.e4 d6 2.d4 Nf6 3.Nc3 e5 4.Nf3 Nbd7 5.Bc4 Be7 6.O-O O-O 7.Re1 c6 8.a4 a5
9.b3 exd4 10.Qxd4 Ne5 11.Be2 Nxf3+ 12.Bxf3 Be6 13.Bb2 Ne8 14.Nd1 Bf6 15.Qd2 Be5
16.Rb1 Qb6 17.Ne3 Nf6 18.Red1 Rfd8 19.Bd4 Qc7 20.Qe2 h6 21.Rd2 Kh7 22.Rbd1 Ne8
23.g3 Rdb8 24.Bg4 Bxd4 25.Rxd4 b5 26.axb5 Rxb5 27.Nc4 Bxc4 28.Qxc4 Rb4 29.Qc3 c5
30.Rxb4 axb4 31.Qd3 g6 32.f4 Nf6 33.Bf3 Re8 34.Qxd6 Qxd6 35.Rxd6 Nxe4 36.Rc6 Nc3
37.Kf2 Rd8 38.Ke3 Re8+ 39.Kd3 Rd8+ 40.Kc4 Rd2 41.Rxc5 Na2 42.Be4 f5 43.Rc7+ Kh8
44.Bd3 Nc1 45.Kxb4 Nxd3+ 46.cxd3 Rxd3 47.Ka4 Rd2 48.b4 Rxh2 49.b5 Ra2+ 50.Kb3 Ra5
51.Kb4  1-0

[Event "ch-Africa Men Playoff"]
[Site "Windhoek NAM"]
[Date "2007.09.10"]
[Round "1.1"]
[White "Simutowe,A"]
[Black "Belkhodja,S"]
[Result "1-0"]
[WhiteElo "2421"]
[BlackElo "2478"]

1.d4 d6 2.e4 Nf6 3.Nc3 Nbd7 4.g4 c5 5.Nge2 b5 6.Bg2 Bb7 7.d5 b4 8.Nb1 Nb6
9.O-O Qd7 10.b3 e6 11.c4 bxc3 12.Nbxc3 exd5 13.exd5 Be7 14.Ng3 O-O-O 15.a4 a6
16.Nf5 h5 17.Nxe7+ Qxe7 18.Re1 Qd7 19.g5 Ne8 20.a5 Na8 21.b4 cxb4 22.Na2 Nec7
23.Nxb4 Rhe8 24.Be3 Re5 25.Nc6 Bxc6 26.dxc6 Qe6 27.Bf4 Rxe1+ 28.Qxe1 d5 29.Qb4 Qxc6
30.Rc1  1-0

[Event "60th ch-RUS Higher League"]
[Site "Krasnoyarsk RUS"]
[Date "2007.09.12"]
[Round "9"]
[White "Khairullin,I"]
[Black "Bocharov,D"]
[Result "0-1"]
[WhiteElo "2567"]
[BlackElo "2605"]

1.e4 d6 2.d4 Nf6 3.Nc3 e5 4.Nf3 Nbd7 5.Bc4 Be7 6.O-O O-O 7.Re1 c6 8.a4 exd4
9.Nxd4 Ne5 10.Bb3 Re8 11.h3 Bd7 12.a5 Qc7 13.Be3 Rad8 14.Nde2 b5 15.axb6 axb6
16.Ra6 Rb8 17.Ng3 b5 18.Ra7 Rb7 19.Rxb7 Qxb7 20.Bg5 Qc7 21.f4 Ng6 22.Nf5 b4
23.Nb1 Bf8 24.Ng3 d5 25.Bxf6 Nxf4 26.Bh4 Ng6 27.Nf5 Nxh4 28.Nxh4 Qg3 29.Nf3 Bxh3
30.Qd2 Bc5+ 31.Kh1 Bf2  0-1

[Event "3rd Geller mem Open A"]
[Site "Odessa UKR"]
[Date "2007.09.13"]
[Round "6"]
[White "Zolotukhin,V"]
[Black "Zubarev,Al1"]
[Result "0-1"]
[WhiteElo "2298"]
[BlackElo "2504"]

1.e4 d6 2.d4 Nf6 3.Nc3 e5 4.dxe5 dxe5 5.Qxd8+ Kxd8 6.Bg5 Nd7 7.O-O-O Bd6
8.Bc4 Ke8 9.Nf3 a6 10.Rhe1 h6 11.Bh4 b6 12.Nd5 Nxd5 13.exd5 f6 14.Bg3 Kf7
15.Nd2 b5 16.Bf1 Nb6 17.c4 bxc4 18.Nxc4 Nxc4 19.Bxc4 Bd7 20.f3 Rhb8 21.Re2 g5
22.Rc2 h5 23.Be1 a5 24.Bf2 Ba4 25.b3 Bd7 26.Kd2 a4 27.Rb1 Bf5 28.Bd3 Bxd3
29.Kxd3 Rb5 30.Kc4 Rb4+ 31.Kd3 axb3 32.Rxb3 Rba4 33.Bc5 R8a5 34.Rbc3 Kg6
35.Ke3 Rxa2 36.Rxa2 Rxa2 37.Bxd6 cxd6 38.g4 hxg4 39.fxg4 Ra4 40.h3 Rd4 41.Rd3 Rxd3+
42.Kxd3 f5 43.Ke3 Kf6 44.Kd3 e4+ 45.Kd4 fxg4 46.hxg4 e3  0-1

[Event "4NCL"]
[Site "Sunningdale ENG"]
[Date "2007.09.15"]
[Round "1"]
[White "Meyer,Go"]
[Black "Shaw,J"]
[Result "0-1"]
[WhiteElo "2177"]
[BlackElo "2441"]

1.e4 d6 2.d4 Nf6 3.Nc3 e5 4.dxe5 dxe5 5.Qxd8+ Kxd8 6.Bc4 Ke8 7.Nf3 Bd6 8.h3 c6
9.a4 Nbd7 10.Be3 Bb4 11.Bd2 a5 12.O-O Ke7 13.Rae1 Nh5 14.Kh2 f6 15.Nh4 g6
16.g3 Nc5 17.b3 Rd8 18.Re2 Rxd2 19.Rxd2 Bxc3 20.Re2 Be6 21.Bxe6 Kxe6 22.Nf3 Rd8
23.Re3 Bd2 24.Re2 Bh6 25.Rb1 Ng7 26.Kg2 Rd7 27.Ree1 Ne8 28.b4 axb4 29.Rxb4 Nd6
30.a5 Rd8 31.Re2 Ra8 32.Nh2 Rxa5 33.Ng4 Bf8 34.f4 Ndxe4 35.Rexe4 Nxe4 36.Rxe4 h5  0-1

[Event "3rd Geller mem Open A"]
[Site "Odessa UKR"]
[Date "2007.09.16"]
[Round "9"]
[White "Shteinberg,B"]
[Black "Lodochnikov,A"]
[Result "0-1"]
[WhiteElo "2289"]
[BlackElo "1908"]

1.e4 d6 2.d4 Nf6 3.Nc3 c6 4.Nf3 Nbd7 5.Bc4 b5 6.Bd3 e5 7.O-O a6 8.Bg5 Be7
9.dxe5 dxe5 10.a3 O-O 11.Ne2 h6 12.Bh4 Qc7 13.Qe1 g5 14.Bg3 Nh5 15.h4 Nf4
16.hxg5 hxg5 17.Bxf4 gxf4 18.c4 Nc5 19.Qc3 Nxd3 20.Qxd3 Be6 21.b3 Bf6 22.Qc3 Kg7
23.cxb5 axb5 24.a4 bxa4 25.bxa4 Ra5 26.Rfd1 Rfa8 27.g3 Bg4 28.Kg2 Rg8 29.Qc4 Be6
30.Qc2 Kf8 31.Nc3 Rc5 32.Qb2 Qa5 33.Ne2 Rc4 34.Nxf4 Bg4 35.Nd3 Rxe4 36.Rdc1 Bxf3+
37.Kxf3 Qd5 38.Qd2 Re1+  0-1

[Event "17th ch-EU U18 Girls"]
[Site "Sibenik CRO"]
[Date "2007.09.17"]
[Round "4"]
[White "Mader,Ma"]
[Black "Chierici,M"]
[Result "0-1"]
[WhiteElo "2204"]
[BlackElo "2004"]

1.e4 d6 2.d4 Nf6 3.Nc3 e5 4.Nf3 Nbd7 5.Bc4 Be7 6.O-O O-O 7.Re1 c6 8.a4 b6
9.d5 Bb7 10.dxc6 Bxc6 11.Bg5 Qc7 12.Bb5 Rfe8 13.Bxf6 Nxf6 14.Bxc6 Qxc6 15.Qd3 Rac8
16.Rad1 Red8 17.h3 Qc4 18.Qxc4 Rxc4 19.Nd2 Rc7 20.Nf1 a6 21.Ne3 Rb7 22.Ned5 Ne8
23.Rd3 Rc8 24.Re2 Kf8 25.Nd1 b5 26.Rb3 Rcb8 27.axb5 Rxb5 28.Rxb5 axb5 29.Re3 Rc8
30.Rc3 Ra8 31.Kf1 g6 32.Ke2 f5 33.exf5 gxf5 34.Rb3 Rc8 35.N1c3 Rc5 36.Rxb5 Rxb5
37.Nxb5 Bd8 38.Kd3 Kf7 39.b4 Ke6 40.Kc4 Kd7 41.Nbc3 Ng7 42.Kb5 Ne6 43.Ne2 f4
44.f3 Ng7 45.Nb6+ Kc7 46.Nc1 Nf5 47.Nd5+ Kd7 48.c4 Nh4 49.c5 dxc5 50.Kxc5 Nxg2
51.Nd3 Ke6 52.Kc6 Ne3 53.Nc3 Nc2 54.Nc5+ Kf5 55.b5 Nd4+ 56.Kd7 Ba5 57.N3e4 Nxb5
58.Nd3 Nc3 59.Nxc3 Bxc3 60.Nf2 Bd4 61.Ng4 h5 62.Nh6+ Kg6 63.Ng8 Kf5 64.Nh6+ Kg5
65.Ng8 Kh4 66.Nf6 Kg3 67.Ne4+  0-1

[Event "17th ch-EU U16 Girls"]
[Site "Sibenik CRO"]
[Date "2007.09.19"]
[Round "6"]
[White "Richard,E"]
[Black "Grigorian,Mar"]
[Result "0-1"]
[WhiteElo "1962"]
[BlackElo "2087"]

1.e4 d6 2.d4 Nf6 3.Nc3 e5 4.dxe5 dxe5 5.Qxd8+ Kxd8 6.Bg5 Be6 7.O-O-O+ Nd7
8.Nf3 Kc8 9.a3 Be7 10.Bh4 h6 11.Bb5 c6 12.Be2 Bd8 13.Rhe1 g5 14.Bg3 Bc7 15.Nd2 b5
16.h3 a5 17.Ncb1 Rb8 18.a4 b4 19.Nf3 Kb7 20.b3 Nxe4 21.Bc4 Bxc4 22.Rxd7 Be6
23.Rxc7+ Kxc7 24.Rxe4 f6 25.Nbd2 Bd5 26.Re3 Rbe8 27.c3 bxc3 28.Rxc3 Kd6 29.Rd3 Ke6
30.Rc3 Kd6 31.Nc4+ Bxc4 32.Rxc4 Kd5 33.Kd2 Rh7 34.Ne1 Rb7 35.Kc3 Reb8 36.Kd2 Rxb3
37.Rc1 Ra3 38.Nc2 Rxa4 39.Ne3+ Kd6 40.Nf5+ Ke6 41.Ne3 Ra2+ 42.Kd3 Rd8+ 43.Kc3 f5
44.Kb3 Re2 45.Nc4 f4 46.Bh2 Rd3+ 47.Rc3 a4+ 48.Kb4 c5+  0-1

[Event "17th ch-EU U16 Girls"]
[Site "Sibenik CRO"]
[Date "2007.09.21"]
[Round "8"]
[White "Shlakich,A"]
[Black "Grigorian,Mar"]
[Result "1/2-1/2"]
[WhiteElo "2169"]
[BlackElo "2087"]

1.e4 d6 2.d4 Nf6 3.Nc3 e5 4.Nf3 Nbd7 5.Bc4 Be7 6.O-O O-O 7.Re1 c6 8.a4 b6
9.b3 a6 10.Bb2 Rb8 11.Bd3 b5 12.axb5 axb5 13.b4 Re8 14.d5 Bb7 15.dxc6 Bxc6
16.Ra5 Ra8 17.Rxa8 Qxa8 18.Bxb5 Bxb5 19.Nxb5 Rb8 20.Nxd6 Qc6 21.Nf5 Bxb4
22.Nxe5 Nxe5 23.Bxe5 Re8 24.Bxf6 Qxf6 25.Re3 Bc5 26.Rg3 g6 27.Nh6+ Kg7 28.Ng4 Qd4
29.Qxd4+ Bxd4 30.Rd3 Rxe4 31.Ne3 Bxe3 32.Rxe3 Rc4 33.c3 f5 34.Kf1 Kf6 35.Ke2 f4
36.Rd3 Kf5 37.Kf3 g5 38.h3 h5 39.g4+ fxg3 40.fxg3 Ke5 41.Ke3 h4 42.Kd2 hxg3
43.Rxg3 Kf5 44.Kd3 Ra4 45.Rf3+ Ke5 46.Rg3 Kf5 47.Kc2 Rh4 48.Kb3 Kf4 49.Rd3 Ke4
50.Rd4+ Kf3 51.Rd5 Kf4 52.Rd3 Ke4 53.Kc2 Ke5 54.Re3+ Kf5 55.Kd3 Rh8 56.c4 Rh4
57.c5 Ra4 58.Kc2 Ra6 59.Kb3 Kf4 60.Re8 Rh6 61.Rf8+ Kg3 62.Rg8 Rxh3 63.c6 Kf4+
64.Kc4 Rh1 65.Kd5 Rc1 66.Kd6 g4 67.Rf8+ Ke3 68.Re8+ Kf3 69.Rf8+ Ke3 70.Rg8 Kf3
71.c7 g3 72.Rf8+ Ke2 73.Re8+ Kf2 74.c8=Q Rxc8 75.Rxc8 g2 76.Rc2+ Kf1  1/2-1/2

[Event "17th ch-EU U18 Girls"]
[Site "Sibenik CRO"]
[Date "2007.09.21"]
[Round "8"]
[White "Homiakova,Ek"]
[Black "Chierici,M"]
[Result "1-0"]
[WhiteElo "2089"]
[BlackElo "2004"]

1.e4 d6 2.d4 Nf6 3.Nc3 e5 4.Nf3 Nbd7 5.Bc4 Be7 6.O-O O-O 7.a4 c6 8.Qe2 Re8
9.Ba2 exd4 10.Nxd4 Bf8 11.Qf3 Qe7 12.Nf5 Qe5 13.Bf4 Qc5 14.Qg3 g6 15.Bxd6 Nxe4
16.Nxe4 Qxf5 17.Bxf8 Rxf8 18.Nd6 Qf6 19.c3 Ne5 20.Nxc8 Raxc8 21.f4 Nd7 22.Rad1 Rcd8
23.f5 Kg7 24.Rd6 Qe5 25.f6+ Kg8 26.Rfd1 Qf5 27.Qd3 Qc5+ 28.Qd4 Qg5 29.Rxd7 Rxd7
30.Qxd7 Qe3+ 31.Kh1 Qf2 32.Qe7  1-0

[Event "17th ch-EU U18 Boys"]
[Site "Sibenik CRO"]
[Date "2007.09.21"]
[Round "8"]
[White "Kravtsiv,M"]
[Black "Llorente Zaro,A"]
[Result "1-0"]
[WhiteElo "2492"]
[BlackElo "2422"]

1.e4 d6 2.d4 Nf6 3.Nc3 e5 4.Nf3 Nbd7 5.Bc4 Be7 6.O-O O-O 7.Re1 c6 8.a4 b6
9.d5 cxd5 10.Nxd5 Bb7 11.b3 Rc8 12.Re2 Nc5 13.Nxf6+ Bxf6 14.Bd5 Qd7 15.Rb1 Rfd8
16.c4 a6 17.Ba3 b5 18.Bxc5 Rxc5 19.b4 Rcc8 20.cxb5 axb5 21.a5 Bxd5 22.Qxd5 Rc4
23.Rd2 Rdc8 24.h3 Qc6 25.Qxc6 R4xc6 26.Rd5 Rb8 27.Kf1 Kf8 28.Ke2 Ke7 29.Kd3 Ke6
30.Ng1 Bg5 31.Ne2 f5 32.f3 fxe4+ 33.fxe4 Rbc8 34.Rxb5 Rc2 35.Nd4+ exd4 36.Rxg5 R8c3+
37.Kxd4 Rc4+ 38.Ke3 R4c3+ 39.Kf4 Rf2+ 40.Kg4 g6 41.Kh4 d5 42.exd5+ Kf7 43.a6 h6
44.Rg4 h5 45.a7 Ra3 46.Rg3 Rf4+ 47.Kg5 Rf5+ 48.Kh6 Rxa7 49.Rf3 Rxf3 50.gxf3 Rd7
51.Rd1 Kf6 52.Rg1 Rxd5 53.Rxg6+ Kf7 54.Rg5 Rd4 55.b5 Rf4 56.Rg7+ Kf6 57.Rg6+ Kf7
58.b6 Rxf3 59.b7 Rb3 60.Kh7 h4 61.Rg8 Rb5 62.Rg7+ Ke6 63.Kg6 Rb3 64.Rh7 Ke5
65.Rh5+ Ke6 66.Rxh4 Rxb7 67.Re4+ Kd5 68.Re1 Rb4 69.Kg5 Rb8 70.h4 Rg8+ 71.Kf6 Rh8
72.Rh1 Rf8+ 73.Ke7 Rh8 74.h5 Ke5 75.Kf7 Kf5 76.h6 Rh7+ 77.Kg8 Ra7 78.h7 Ra8+
79.Kg7 Ra7+ 80.Kh6 Ra6+ 81.Kh5 Ra8 82.Rf1+ Ke6 83.Kg6 Kd5  1-0

[Event "16th Monarch Assurance"]
[Site "Port Erin IOM"]
[Date "2007.09.23"]
[Round "2"]
[White "Heberla,B"]
[Black "Fairbairn,S"]
[Result "1-0"]
[WhiteElo "2484"]
[BlackElo "2091"]

1.d4 d6 2.e4 Nf6 3.Nc3 Nbd7 4.f4 e5 5.Nf3 exd4 6.Qxd4 c6 7.e5 dxe5 8.fxe5 Bc5
9.Qf4 Qe7 10.Be2 Nd5 11.Nxd5 cxd5 12.Be3 Bxe3 13.Qxe3 O-O 14.O-O-O Nb6 15.Bd3 Be6
16.Rhf1 Rac8 17.Nd4 Nc4 18.Bxc4 Rxc4 19.Rf4 Rfc8 20.Kb1 a6 21.Rdf1 R4c7 22.R1f2 Re8
23.a3 Qd8 24.Qf3 Qe7 25.Qh5 g6 26.Qh6 Qf8 27.Qg5 Qg7 28.Rf6 Rce7 29.Qf4 Bc8
30.g4 Be6 31.h4 h6 32.Nxe6 fxe6 33.h5 g5 34.Qd2 Kh8 35.Qd4 Rc7 36.Rg6  1-0